| 000 | 00493nam a2200181Ia 4500 | ||
|---|---|---|---|
| 008 | 151018s9999 xx 000 0 und d | ||
| 082 |
_bRBASDV18788 _a891.463 |
||
| 100 | _aस कृ देवधर | ||
| 245 | _aउमज | ||
| 250 | _b1 | ||
| 260 |
_bप्रसाद प्रकाशन मुंबई _c1985 |
||
| 300 | _a91 | ||
| 600 | _aस कृ देवधर | ||
| 630 | _aउमज | ||
| 700 | _aस कृ देवधर | ||
| 730 | _aउमज | ||
| 942 | _cBOOK | ||
| 999 |
_c1019433 _d1019430 |
||